000
00309nam a22001337a 4500
008
210305b ||||| |||| 00| 0 eng d
041
_a
eng
080
_a
541
082
_2
541
100
_a
12
101
_a
KIM
245
_a
Chemistry the central sciences Student's Guide
_c
James C, Hill
942
_2
udc
_c
BK
999
_c
55780
_d
55780